000
00366nam a2200133Ia 4500
008
151001s9999||||xx |||||||||||||| ||und||
100
_a
अनिरुद्ध पुनर्वसू
245
_a
प्रेम तुझ्याने होईना
250
_a
1
260
_b
पै.दि.कृ.
260
_c
1972
300
_a
140
365
_b
18
999
_c
955956
_d
955953